00242nam a2200097Ia 4500008004100000100001900041245003800060260002200098300000800120650001600128191201s2018 xx 000 0 und d aMAINI, Anil K. 0aAll in one Electronics Simplified bKhanna Pub.c2018 a890 aB.Tech(ECE)